[Event "chess.com Speed 2021"]
[Site "chess.com INT"]
[Date "2021.11.12"]
[Round "1.22"]
[White "Svidler,P"]
[Black "Nakamura,Hi"]
[Result "1/2-1/2"]
[WhiteElo "2694"]
[BlackElo "2736"]

1.e4 c5 2.Nf3 e6 3.d4 cxd4 4.Nxd4 a6 5.a3 Nf6 6.Nc3 d5 7.e5 Nfd7 8.f4 Nc6
9.Be3 Qb6 10.Qd2 Qc7 11.Bd3 b5 12.O-O Nxd4 13.Bxd4 Bc5 14.Ne2 f6 15.b4 Bxd4+
16.Nxd4 Qb6 17.Qe3 O-O 18.Kh1 Bb7 19.c3 fxe5 20.fxe5 Rxf1+ 21.Rxf1 Rf8 22.Rxf8+ Nxf8
23.Be2 Qc7 24.h4 Bc8 25.h5 h6 26.Bg4 Bd7 27.Kg1 Qc8 28.Be2 Nh7 29.Nb3 Ng5
30.Nc5 Be8 31.Kf2 a5 32.Kg3 axb4 33.cxb4 Qc7 34.Qf4 Qa7 35.Qe3 Ne4+ 36.Kh2 Qc7
37.Nxe4 Qxe5+ 38.Qg3 Qxe4 39.Qb8 Kf7 40.Qc7+ Kf8 41.Qd6+ Kg8 42.Qb8 Kf7 43.Qc7+ Kf6
44.Qd8+ Ke5 45.Qb8+ Kd4 46.Qa7+ Kc3 47.Qxg7+ d4 48.Bf3 Qf4+ 49.Kg1 Kb3 50.Qe7 Bf7
51.a4 d3 52.a5 d2 53.Qd7 e5 54.a6 e4 55.Bd1+ Kb2 56.a7 Qe3+ 57.Kh2 Qf4+ 58.Kg1 Qe3+
59.Kh2 Qf4+ 60.Kg1  1/2-1/2

[Event "chess.com Speed 2021"]
[Site "chess.com INT"]
[Date "2021.11.12"]
[Round "1.23"]
[White "Nakamura,Hi"]
[Black "Svidler,P"]
[Result "1-0"]
[WhiteElo "2736"]
[BlackElo "2694"]

1.b4 e5 2.Bb2 Bxb4 3.Bxe5 Nf6 4.c3 Ba5 5.g3 c6 6.Bg2 O-O 7.e3 Re8 8.Bxf6 Qxf6
9.Ne2 d5 10.O-O Nd7 11.d4 Nb6 12.Nd2 Bg4 13.Rc1 Bxe2 14.Qxe2 Na4 15.c4 Nc3
16.Qd3 Nxa2 17.Ra1 Nb4 18.Qb1 b6 19.Nb3 Qd8 20.Nxa5 bxa5 21.cxd5 cxd5 22.Qb3 g6
23.Qa4 Re6 24.Qxa5 Rb6 25.Rfc1 Qd7 26.Qxb6 axb6 27.Rxa8+ Kg7 28.Ra3  1-0

[Event "chess.com Speed 2021"]
[Site "chess.com INT"]
[Date "2021.11.12"]
[Round "1.24"]
[White "Svidler,P"]
[Black "Nakamura,Hi"]
[Result "1/2-1/2"]
[WhiteElo "2694"]
[BlackElo "2736"]

1.e4 e6 2.d4 d5 3.Nd2 Be7 4.Bd3 Nf6 5.e5 Nfd7 6.c3 c5 7.Ne2 b6 8.O-O Ba6
9.Bxa6 Nxa6 10.Nf4 g6 11.Nf3 Qc8 12.Be3 Nab8 13.c4 cxd4 14.Nxd4 dxc4 15.Qf3 Na6
16.Nfxe6 fxe6 17.Nxe6 Rg8 18.Qd5 Nf8 19.Nd4 Rh8 20.Rac1 Nb4 21.Qb5+ Qd7 22.Qxc4 Qd5
23.Qe2 Ne6 24.Rfd1 Nxd4 25.Rxd4 Qe6 26.a3 Nc6 27.Qb5 Rc8 28.Rdc4 Kd7 29.Rd4+ Ke8
30.Rdc4 Kd7 31.Rd4+ Ke8  1/2-1/2

[Event "Titled Tuesday 16th Nov"]
[Site "chess.com INT"]
[Date "2021.11.16"]
[Round "3"]
[White "Bethke,Richard"]
[Black "Nakamura,Hi"]
[Result "0-1"]
[WhiteElo "2330"]
[BlackElo "2736"]

1.e4 g6 2.d4 Bg7 3.Nc3 a6 4.f4 c6 5.Nf3 d5 6.h3 dxe4 7.Nxe4 Nf6 8.Nxf6+ exf6
9.Be3 O-O 10.Qd2 Nd7 11.g4 Re8 12.O-O-O Nb6 13.Kb1 Be6 14.Rg1 Qd5 15.b3 a5
16.Bg2 Qb5 17.f5 Nc4 18.Qc3 Nxe3 19.Qxe3 Bxf5 20.Qc3 Be4 21.a4 Qd5 22.h4 b5
23.axb5 cxb5 24.Ne1 a4 25.Bxe4 Rxe4 26.Nd3 axb3 27.cxb3 f5 28.Ne5 Rxe5 29.dxe5 Qe4+
30.Kc1 Bxe5 31.Qd3 Qxd3 32.Rxd3 Ra1+  0-1

[Event "Titled Tuesday 23rd Nov"]
[Site "chess.com INT"]
[Date "2021.11.23"]
[Round "1"]
[White "Nakamura,Hi"]
[Black "Shubenkova,Veronika"]
[Result "1-0"]
[WhiteElo "2736"]
[BlackElo "1762"]

1.Nf3 d5 2.e3 e6 3.b3 f5 4.Bb2 Nf6 5.d3 Bd6 6.Nbd2 O-O 7.g3 c6 8.Bg2 Nbd7
9.c4 Qe7 10.O-O Nc5 11.Qc2 e5 12.d4 exd4 13.Nxd4 Nce4 14.cxd5 cxd5 15.Nb5 Bb8
16.Ba3 Nd6 17.Rfd1 a6 18.Nxd6 Bxd6 19.Bxd6 Qxd6 20.Nf3 Be6 21.Nd4 Qd7 22.Rac1 Rac8
23.Qb2 Rxc1 24.Rxc1 Rc8 25.Rd1 Ne4 26.f3 Nf6 27.Bf1 Qe7 28.Bd3 g6 29.Kf2 Bd7
30.Rc1 Re8 31.Qd2 Rf8 32.Kg2 h5 33.h4 Qd6 34.Ne2 Kg7 35.Qb2 Re8 36.Qd4 Bc6
37.Rc2 Qe5 38.Qxe5 Rxe5 39.Kf2 Nd7 40.Bxa6 Nb8 41.Bd3 Re7 42.b4 Ba4 43.Rc1 Nc6
44.a3 Ne5 45.Nf4 Nxd3+ 46.Nxd3 Bb5 47.Nf4 Bc4 48.Rd1 Rd7 49.a4 Kf6 50.Rd4 Rd6
51.e4 Ke5 52.Ke3 Bb3 53.Nd3+ Ke6 54.Nc5+ Ke7 55.Nxb3 fxe4 56.fxe4 Ra6 57.Nc5 Rb6
58.exd5 Kd6 59.Ne4+ Ke5 60.d6 Rc6 61.d7 Rc1 62.d8=Q Re1+ 63.Kf2 Kf5 64.Qg5+ Ke6
65.Kxe1  1-0

[Event "Titled Tuesday 23rd Nov"]
[Site "chess.com INT"]
[Date "2021.11.23"]
[Round "2"]
[White "Petrovskyi,Vadym"]
[Black "Nakamura,Hi"]
[Result "0-1"]
[WhiteElo "2219"]
[BlackElo "2736"]

1.e4 g6 2.d4 Bg7 3.Nc3 a6 4.f4 c6 5.Nf3 d5 6.e5 Bg4 7.Be2 e6 8.O-O Ne7 9.Be3 Nf5
10.Bf2 h5 11.Qd2 Nd7 12.b4 Nb6 13.a3 Bh6 14.h3 Bxf3 15.Bxf3 Nc4 16.Qc1 h4
17.Be2 b5 18.Bxc4 bxc4 19.a4 g5 20.fxg5 Bxg5 21.Qd1 Kd7 22.b5 Be7 23.Qf3 Rg8
24.Rfb1 Kc7 25.bxc6 Kxc6 26.a5 Rg5 27.Rb6+ Kd7 28.Rab1 Ke8 29.Na4 Kf8 30.Nc5 Kg8
31.Rb7 Qe8 32.R1b6 Rc8 33.Rxa6 Bxc5 34.dxc5 Qa4 35.Bxh4 Qa1+ 36.Kh2 Qxe5+
37.Kh1 Rg7 38.Bf2 Qa1+ 39.Kh2 Qe5+ 40.Kh1 d4 41.c6 d3 42.cxd3 Qa1+ 43.Kh2 c3
44.c7 c2 45.Rb8 Qe5+ 46.g3 Qxc7 47.Rxc8+ Qxc8 48.Ra8 c1=Q 49.Rxc8+ Qxc8 50.Bb6 Rxg3
51.Qf2 Rg6 52.d4 Qb8+ 53.Kh1 Ng3+ 54.Qxg3 Qxg3  0-1

[Event "Titled Tuesday 23rd Nov"]
[Site "chess.com INT"]
[Date "2021.11.23"]
[Round "3"]
[White "Nakamura,Hi"]
[Black "Kezin,R"]
[Result "1/2-1/2"]
[WhiteElo "2736"]
[BlackElo "2492"]

1.Nf3 d5 2.e3 Nf6 3.c4 e6 4.Nc3 b6 5.cxd5 exd5 6.d4 Bb7 7.Bb5+ c6 8.Bd3 Bd6
9.O-O O-O 10.e4 dxe4 11.Nxe4 Nxe4 12.Bxe4 Nd7 13.Bg5 Nf6 14.Qc2 h6 15.Bxf6 Qxf6
16.Rfe1 Rfd8 17.Re3 Rab8 18.g3 c5 19.Bxb7 cxd4 20.Nxd4 Qxd4 21.Ba6 Bc5 22.Rf3 Rd6
23.Rf4 Qe5 24.Rf1 Rbd8 25.Bc4 Rf6 26.Re4 Qd6 27.Kg2 g6 28.h4 h5 29.a3 a5
30.Qe2 Kg7 31.Kh3 Qd7+ 32.Kg2 Qc6 33.Bb5 Qb7 34.f3 Rfd6 35.Qc4 Rd2+ 36.Re2 Qd5
37.Qc3+ Qd4 38.Qxd4+ R8xd4 39.Rff2 Rxe2 40.Rxe2 Rd1 41.f4 Rg1+ 42.Kh2 Rf1
43.Kg2 Rg1+ 44.Kh3 Rh1+ 45.Kg2 Rg1+  1/2-1/2

[Event "Titled Tuesday 23rd Nov"]
[Site "chess.com INT"]
[Date "2021.11.23"]
[Round "4"]
[White "Thavandiran,S"]
[Black "Nakamura,Hi"]
[Result "0-1"]
[WhiteElo "2420"]
[BlackElo "2736"]

1.e4 c5 2.Nf3 d6 3.d4 cxd4 4.Nxd4 Nf6 5.Nc3 a6 6.h3 e5 7.Nde2 h5 8.Bg5 Be6
9.Bxf6 Qxf6 10.Nd5 Qd8 11.Qd3 Nd7 12.O-O-O Rc8 13.Kb1 Nc5 14.Qf3 g6 15.Nf6+ Ke7
16.Nc3 Bg7 17.Nfd5+ Kf8 18.Be2 Bh6 19.g4 h4 20.a3 Kg7 21.Bc4 b5 22.Ba2 Bg5
23.Qe2 Bd7 24.Ne3 Qf8 25.Rd2 Ne6 26.Bxe6 fxe6 27.Rhd1 Rc6 28.Na2 Qb8 29.Nb4 Rb6
30.c3 a5 31.Nbc2 Rc8 32.Rd3 Kh7 33.Qd2 Rcc6 34.Ne1 b4 35.cxb4 axb4 36.a4 b3
37.Nf3 Bf4 38.Nxh4 Rc2 39.Qa5 Qb7 40.Nhg2 Rbc6 41.Nxf4 exf4 42.Rxd6 Be8 43.Rxc6 Qxc6
44.Qe5 fxe3 45.fxe3 Qxa4 46.Qf6 Qa2+  0-1

[Event "Titled Tuesday 23rd Nov"]
[Site "chess.com INT"]
[Date "2021.11.23"]
[Round "5"]
[White "Sjugirov,S"]
[Black "Nakamura,Hi"]
[Result "1/2-1/2"]
[WhiteElo "2663"]
[BlackElo "2736"]

1.e4 c6 2.d4 d5 3.e5 Bf5 4.Nf3 e6 5.Be2 Ne7 6.O-O Nd7 7.Nbd2 h6 8.Nb3 g5
9.Bd2 Bg6 10.a4 Qc7 11.Bb4 Nf5 12.Bxf8 Rxf8 13.c3 O-O-O 14.Bd3 Kb8 15.Re1 Ne7
16.Bxg6 Nxg6 17.a5 f6 18.exf6 Rxf6 19.Ne5 Ngxe5 20.dxe5 Rg6 21.Nd4 g4 22.b4 a6
23.Qd3 Rdg8 24.Qg3 h5 25.Re3 Nf8 26.Nb3 Qe7 27.Nc5 Nd7 28.Nxd7+ Qxd7 29.Qh4 Rg5
30.Rd1 Qf7 31.Rd4 Rf5 32.Qg3 Rf8 33.Re2 Qg6 34.h3 Rg5 35.h4 Rgf5 36.Qe3 Rf3
37.Qd2 R3f5 38.Rd3 Qg7 39.Rde3 Rf3 40.g3 R3f5 41.Kg2 Qf7 42.Kg1 Qe7 43.Kg2 R8f7
44.c4 dxc4 45.Re4 Rf8 46.Rxc4 Rd8 47.Rd4 Rd5 48.Rxd5 cxd5 49.Qd4 Qc7 50.Qe3 Qc4
51.Qb6 Qc6 52.Qd8+ Ka7 53.Qe7 d4+ 54.Kh2 d3 55.Rd2 Qc3 56.Qd6 Rf3 57.Qb6+ Kb8
58.Qd8+ Qc8 59.Qd6+ Qc7 60.Qd4 Qf7 61.Qd8+ Ka7 62.Qb6+ Kb8 63.Qd8+ Ka7 64.Qb6+ Kb8
65.Qd8+  1/2-1/2

[Event "Titled Tuesday 23rd Nov"]
[Site "chess.com INT"]
[Date "2021.11.23"]
[Round "6"]
[White "Nakamura,Hi"]
[Black "Ivanov,Ol UKR"]
[Result "1-0"]
[WhiteElo "2736"]
[BlackElo "2458"]

1.Nf3 d5 2.e3 Nf6 3.c4 e6 4.d4 c5 5.cxd5 exd5 6.Bb5+ Bd7 7.Bxd7+ Nbxd7 8.dxc5 Bxc5
9.O-O O-O 10.b3 Qe7 11.Bb2 Rfd8 12.Nc3 Nb6 13.Rc1 Rac8 14.Ne2 Ba3 15.Rxc8 Rxc8
16.Bd4 Bc5 17.Ba1 Bd6 18.Ned4 g6 19.Nb5 a6 20.Nxd6 Qxd6 21.Qd4 Nbd7 22.g4 Qc5
23.Qf4 Ne4 24.Ne5 Qe7 25.Nxd7 Qxd7 26.f3 g5 27.Qe5 f6 28.Qd4 Rc2 29.Qb6 Nd2
30.Qxf6 Nxf1 31.Qh8+ Kf7 32.Qxh7+ Ke8 33.Qxc2 Nxe3 34.Qd2 d4 35.Bxd4 Nd5
36.Qxg5 Qc6 37.h4 Ne7 38.Qe3 Qc2 39.Bf6 Qd1+ 40.Kg2 Qc2+ 41.Kh3  1-0

[Event "Titled Tuesday 23rd Nov"]
[Site "chess.com INT"]
[Date "2021.11.23"]
[Round "7"]
[White "Durarbayli,V"]
[Black "Nakamura,Hi"]
[Result "0-1"]
[WhiteElo "2629"]
[BlackElo "2736"]

1.e4 c6 2.d4 d5 3.exd5 cxd5 4.c4 Nf6 5.Nc3 e6 6.Nf3 Be7 7.cxd5 Nxd5 8.Bd3 O-O
9.O-O Nc6 10.Re1 Nf6 11.Bc2 b6 12.a3 Bb7 13.Qd3 Rc8 14.Bg5 g6 15.Bh6 Re8
16.Ba4 a6 17.b4 b5 18.Bb3 Bf8 19.Bg5 h6 20.Bh4 g5 21.Bg3 Bg7 22.Rad1 Ne7
23.Ne5 Ned5 24.Ne2 Nb6 25.f3 Bd5 26.h4 Bxb3 27.Qxb3 Nfd5 28.hxg5 Qxg5 29.Bf2 Nc4
30.Ng3 Nf4 31.Ng4 h5 32.Ne4 Qg6 33.Bg3 Nxg2 34.Kxg2 hxg4 35.Rh1 f5 36.Nc5 Rcd8
37.Qd3 Rxd4 38.Qxd4 Bxd4 39.Rxd4 Ne3+ 40.Kf2 Nd5 41.fxg4 f4 42.Bxf4 Rf8 43.Kg3 Qf6
44.Rf1 Qxd4 45.Nxe6 Qf6 46.Nxf8 Qxf8 47.Be5 Qxf1  0-1

[Event "Titled Tuesday 23rd Nov"]
[Site "chess.com INT"]
[Date "2021.11.23"]
[Round "8"]
[White "Nakamura,Hi"]
[Black "Pichot,A"]
[Result "1-0"]
[WhiteElo "2736"]
[BlackElo "2630"]

1.Nf3 Nf6 2.b3 g6 3.Bb2 Bg7 4.d4 O-O 5.e3 d6 6.Be2 b6 7.O-O Bb7 8.c4 Nbd7
9.Qc2 e5 10.dxe5 dxe5 11.Nxe5 Be4 12.Qc1 Nc5 13.Nc3 Bb7 14.Rd1 Qe7 15.Nd3 Nxd3
16.Rxd3 Rad8 17.Qc2 Rxd3 18.Bxd3 Ng4 19.Bf1 Qe5 20.g3 Nxe3 21.Qe2 Nxf1 22.Qxe5 Bxe5
23.Kxf1 Rd8 24.Ke2 Re8 25.Kd2 Bd4 26.Nd1 Bxb2 27.Nxb2 Bf3 28.Re1 Rxe1 29.Kxe1 Kf8
30.Kd2 Ke7 31.Ke3 Bc6 32.c5 Ke6 33.Kd4 Bb5 34.Nd1 f5 35.f4 Bc6 36.Ne3 Kf6
37.Nd5+ Bxd5 38.Kxd5 Ke7 39.Kc6 Kd8 40.cxb6 axb6 41.a4 Kc8 42.b4 Kb8 43.a5 bxa5
44.bxa5 Kc8 45.a6 Kb8 46.a7+ Kxa7 47.Kxc7 h6 48.Kd6 Kb6 49.Ke6  1-0

[Event "Titled Tuesday 23rd Nov"]
[Site "chess.com INT"]
[Date "2021.11.23"]
[Round "9"]
[White "Svane,R"]
[Black "Nakamura,Hi"]
[Result "0-1"]
[WhiteElo "2628"]
[BlackElo "2736"]

1.Nf3 d5 2.g3 g6 3.Bg2 Bg7 4.d4 Nd7 5.O-O Ngf6 6.a4 a5 7.b3 O-O 8.c4 c6 9.Nc3 e6
10.Ba3 Re8 11.Qc2 b6 12.e4 Ba6 13.e5 Nh5 14.Ne2 Bf8 15.Bxf8 Rxf8 16.Rfd1 Rc8
17.Rac1 Qe7 18.Qd2 Rfd8 19.g4 Ng7 20.Qh6 Ne8 21.Ng3 Qf8 22.Qf4 Nc7 23.h4 c5
24.h5 Bb7 25.Nh2 cxd4 26.g5 Nc5 27.Ng4 Ne8 28.cxd5 exd5 29.Bh3 Ne6 30.Nh6+ Kg7
31.Bxe6 fxe6 32.Qxd4 Rc5 33.Ng4 Rdc8 34.Rxc5 bxc5 35.Qe3 d4 36.Qd3 Qf3 37.Ne3 dxe3
38.Qd7+ Kh8 39.Qxb7 exf2+ 40.Kh2 Qxb7  0-1

[Event "Titled Tuesday 23rd Nov"]
[Site "chess.com INT"]
[Date "2021.11.23"]
[Round "10"]
[White "Nakamura,Hi"]
[Black "Vidit,S"]
[Result "1-0"]
[WhiteElo "2736"]
[BlackElo "2727"]

1.Nf3 d5 2.e3 c5 3.b3 a6 4.Bb2 Nc6 5.d4 Nf6 6.Nbd2 Bf5 7.dxc5 e6 8.Nd4 Bxc5
9.Nxf5 exf5 10.Bd3 g6 11.O-O O-O 12.a3 b5 13.b4 Bd6 14.a4 Nxb4 15.axb5 Ng4
16.Nf3 Qb8 17.Be2 axb5 18.Rxa8 Qxa8 19.h3 Nh6 20.Qd4 f6 21.Qh4 Kg7 22.Nd4 Qc8
23.Bxb5 Ng8 24.Ra1 Rf7 25.c3 Re7 26.cxb4 Re4 27.f4 Rxe3 28.Ra7+ Ne7 29.Nc6 Qe6
30.Nxe7 Bxe7 31.Ra6 Re1+ 32.Kh2 Qe3 33.Bxf6+ Kg8 34.Ra8+ Kf7 35.Qxh7+ Kxf6
36.Qh8+ Ke6 37.Qg8+ Kf6 38.Ra6+ Bd6 39.Rxd6+ Ke7 40.Rd7+ Kf6 41.Qf7+  1-0

[Event "Titled Tuesday 23rd Nov"]
[Site "chess.com INT"]
[Date "2021.11.23"]
[Round "11"]
[White "Sviridov,Va"]
[Black "Nakamura,Hi"]
[Result "1/2-1/2"]
[WhiteElo "2562"]
[BlackElo "2736"]

1.d4 Nf6 2.Nf3 d5 3.e3 e6 4.Nbd2 c5 5.c3 Nc6 6.Bd3 Bd6 7.O-O O-O 8.Qe2 e5
9.dxc5 Bxc5 10.e4 Be6 11.exd5 Bxd5 12.Ne4 Nxe4 13.Bxe4 Bxe4 14.Qxe4 h6 15.Re1 Re8
16.b4 Bd6 17.Be3 Qc7 18.a3 Bf8 19.Rad1 a5 20.h3 axb4 21.axb4 Rac8 22.Rd5 f6
23.Red1 Ne7 24.Rd7 Qc6 25.Qxc6 bxc6 26.c4 Nf5 27.b5 cxb5 28.cxb5 Rb8 29.Rb1 Nxe3
30.fxe3 Bc5 31.Kf2 f5 32.Rd5 Bb6 33.Rxe5 f4 34.Ke2 fxe3 35.Rxe8+ Rxe8 36.Rc1 Rb8
37.Rc6 Ba7 38.Rc7 Bb6 39.Rc6 Ba7 40.Rc7 Bb6 41.Rc6  1/2-1/2

[Event "chess.com Speed 2021"]
[Site "chess.com INT"]
[Date "2021.12.06"]
[Round "2.36"]
[White "Giri,A"]
[Black "Nakamura,Hi"]
[Result "1/2-1/2"]
[WhiteElo "2774"]
[BlackElo "2736"]

1.d4 g6 2.e4 Bg7 3.Nc3 a6 4.f4 c6 5.Nf3 d5 6.e5 Bg4 7.h3 Bxf3 8.Qxf3 e6 9.Be3 h5
10.Bd3 h4 11.O-O Ne7 12.Ne2 Nf5 13.Bxf5 exf5 14.b3 Nd7 15.c4 Nb6 16.Rfc1 Qd7
17.a4 Rd8 18.a5 Nc8 19.Bd2 Bf8 20.Kh1 Be7 21.Bc3 Kf8 22.Be1 Kg7 23.Qe3 Qe6
24.Rc2 Na7 25.Ng1 Nc8 26.Nf3 Rh5 27.Raa2 Kg8 28.Qe2 Kg7 29.Bf2 Rdh8 30.Qe1 Bd8
31.Ra1 Be7 32.Raa2 Kg8 33.Ra1 Kg7 34.Raa2  1/2-1/2

[Event "chess.com Speed 2021"]
[Site "chess.com INT"]
[Date "2021.12.06"]
[Round "2.33"]
[White "Nakamura,Hi"]
[Black "Giri,A"]
[Result "1/2-1/2"]
[WhiteElo "2736"]
[BlackElo "2774"]

1.Nf3 Nf6 2.g3 g6 3.b3 Bg7 4.Bb2 b6 5.d4 Bb7 6.Bg2 c5 7.dxc5 bxc5 8.O-O O-O
9.c4 d6 10.Nc3 Nbd7 11.Qc2 a5 12.Rfd1 Bc6 13.Ne1 Bxg2 14.Nxg2 Qb6 15.Ne3 Qb7
16.a4 Nb6 17.Nb5 Qe4 18.Rd3 Rfc8 19.Rad1 Qc6 20.f3 h5 21.Bc3 Nbd7 22.Qd2 Qb6
23.Qb2 Ra6 24.Ng2 Qd8 25.e4 Qe8 26.Nf4 Raa8 27.Qd2 Qf8 28.Kg2 Bh6 29.Bxa5 Ne5
30.Bc3 Nxd3 31.Qxd3 Bxf4 32.Bxf6 Bh6 33.Bc3 Bg7 34.Bd2 Rd8 35.Bg5 Rd7 36.Qd2 Be5
37.Bf4 Qg7 38.Bh6 Qh8 39.Be3 h4 40.f4 Bg7 41.g4 h3+ 42.Kh1 Qh4 43.Qe2 Rad8
44.Qf3 Qh8 45.Bf2 Bf6 46.g5 Bg7 47.Rd3 Ba1 48.Qg4 Qb2 49.Bg1 Qc2 50.Qxh3 e6
51.Qf3 Bg7 52.Qd1 Qxd1 53.Rxd1 d5 54.e5 dxc4 55.Rxd7 Rxd7 56.bxc4 Rd1 57.Kg2 Bf8
58.Nd6 Bxd6 59.exd6 Rxd6 60.Bxc5 Ra6 61.Be3 Rxa4 62.c5 e5 63.fxe5 Re4 64.Kf3 Rxe5
65.c6 Re6 66.c7 Rc6 67.Bf4 Kf8 68.h4 Ke7 69.Kg4 Ke6 70.h5 gxh5+ 71.Kxh5 Kf5
72.Bg3 Ke6 73.Kh6 Kd7+ 74.Kg7 Ke8 75.Be5 Rg6+ 76.Kh7 Kd7 77.Bf4 Kc8 78.Kh8 f6
79.gxf6 Rxf6 80.Be5 Re6 81.Bf4 Re4 82.Bd6 Rd4 83.Be5 Rd5 84.Bf4 Rf5 85.Bd6 Rf6
86.Be5 Re6 87.Bf4 Re7 88.Kg8 Rxc7 89.Bxc7  1/2-1/2

[Event "chess.com Speed 2021"]
[Site "chess.com INT"]
[Date "2021.12.06"]
[Round "2.37"]
[White "Nakamura,Hi"]
[Black "Giri,A"]
[Result "1/2-1/2"]
[WhiteElo "2736"]
[BlackElo "2774"]

1.Nf3 d5 2.b3 Nf6 3.Bb2 Bf5 4.e3 h6 5.d4 e6 6.Bd3 Ne4 7.O-O Nd7 8.Nfd2 Ndf6
9.f3 Nxd2 10.Qxd2 Bxd3 11.Qxd3 Be7 12.c4 O-O 13.e4 c6 14.e5 Nd7 15.f4 dxc4
16.bxc4 b5 17.Nd2 bxc4 18.Nxc4 c5 19.d5 exd5 20.Qxd5 Nb6 21.Qe4 Qd5 22.Qxd5 Nxd5
23.Rad1 Nb6 24.Ne3 Rfd8 25.Kf2 c4 26.Bd4 g6 27.Kf3 Rac8 28.g4 c3 29.Bxb6 axb6
30.Rxd8+ Rxd8 31.Rc1 Bc5 32.Rxc3 Ra8 33.a3 Rxa3 34.Rxa3 Bxa3 35.Nd5 Bc5 36.Ke4 Kf8
37.Nc7 Ke7 38.Nb5 f6 39.Kd5 fxe5 40.fxe5 h5 41.h3 hxg4 42.hxg4 Be3 43.Nc3 Bc5
44.Ne2 Ba3 45.Nf4 Kf7 46.Kc6 g5 47.Nd3 Ke6 48.Kxb6 Bf8 49.Kc6 Bg7 50.Kc5 Bxe5
51.Kc4 Bf6 52.Nc5+ Ke5 53.Nd7+ Ke6 54.Nxf6 Kxf6 55.Kd5 Kg6 56.Ke6 Kg7 57.Ke7 Kg6
58.Ke6 Kg7 59.Ke5 Kg6 60.Kd5 Kg7 61.Kd6 Kg6 62.Ke6  1/2-1/2

[Event "chess.com Speed 2021"]
[Site "chess.com INT"]
[Date "2021.12.06"]
[Round "2.34"]
[White "Giri,A"]
[Black "Nakamura,Hi"]
[Result "1/2-1/2"]
[WhiteElo "2774"]
[BlackElo "2736"]

1.d4 c6 2.c4 d5 3.Nc3 Nf6 4.Nf3 e6 5.Bg5 Nbd7 6.e3 Qa5 7.Nd2 Be7 8.Bh4 a6
9.Be2 b5 10.cxd5 cxd5 11.O-O Bb7 12.Bd3 O-O 13.a4 b4 14.Ne2 Qd8 15.a5 Nb8
16.Nb3 Nfd7 17.Bxe7 Qxe7 18.Qd2 Nc6 19.Rfc1 e5 20.dxe5 Ncxe5 21.Ned4 Rfc8
22.Qe2 Nxd3 23.Qxd3 Ne5 24.Qe2 Nc4 25.Rc2 g6 26.Rac1 Qd8 27.Qe1 Qd6 28.h3 Rc7
29.Qe2 Rac8 30.Qe1 Qd8 31.Qxb4 Nxb2 32.Rxc7 Rxc7 33.Rxc7 Qxc7 34.Nc5 Bc8
35.Qb6 Qe7 36.Nc6 Qf6 37.Na7 Be6 38.Nxe6 fxe6 39.Qxa6 Qc3 40.Qxe6+ Kg7 41.Qd7+ Kh6
42.Nc6 Nd3 43.Qxd5 Qe1+ 44.Kh2 Nxf2 45.a6 Ng4+ 46.hxg4 Qh4+ 47.Kg1 Qe1+ 48.Kh2 Qh4+
49.Kg1 Qe1+ 50.Kh2  1/2-1/2

[Event "chess.com Speed 2021"]
[Site "chess.com INT"]
[Date "2021.12.06"]
[Round "2.19"]
[White "Nakamura,Hi"]
[Black "Giri,A"]
[Result "1-0"]
[WhiteElo "2736"]
[BlackElo "2774"]

1.Nf3 d5 2.g3 c5 3.b3 Nc6 4.Bb2 f6 5.d4 cxd4 6.Nxd4 e5 7.Nxc6 bxc6 8.Bg2 Bc5
9.c4 Ne7 10.O-O O-O 11.Nc3 Be6 12.cxd5 cxd5 13.Rc1 Rc8 14.Qd2 Bb4 15.a3 Bxc3
16.Bxc3 d4 17.Bb4 Rxc1 18.Rxc1 Bxb3 19.Qd3 Be6 20.Qa6 Qd7 21.Bc6 Nxc6 22.Bxf8 Bd5
23.Bc5 h5 24.Qb5 Qe6 25.Bb4 Kh7 26.Rc5 Ne7 27.Rc7 Nf5 28.Qd7 Qxd7 29.Rxd7 Bc4
30.e4 dxe3 31.fxe3 a6 32.Kf2 e4 33.Rc7 Bd3 34.h3 Kg6 35.g4 hxg4 36.hxg4 Nh6
37.Kg3 f5 38.Rc6+ Kh7 39.g5 Ng8 40.Kf4  1-0

[Event "chess.com Speed 2021"]
[Site "chess.com INT"]
[Date "2021.12.06"]
[Round "2.18"]
[White "Giri,A"]
[Black "Nakamura,Hi"]
[Result "1-0"]
[WhiteElo "2774"]
[BlackElo "2736"]

1.e4 e5 2.Nf3 Nc6 3.Bc4 Bc5 4.O-O Nf6 5.d3 h6 6.c3 O-O 7.b4 Bb6 8.a4 a6 9.Re1 d6
10.h3 Re8 11.Nbd2 Ne7 12.d4 Ng6 13.Bf1 Ba7 14.Qc2 Bd7 15.a5 Bc6 16.Bb2 Qe7
17.c4 Bd7 18.dxe5 dxe5 19.c5 Nh7 20.Nc4 f6 21.Ne3 Be6 22.h4 Qf7 23.g3 Ne7
24.Rad1 Rad8 25.Rxd8 Rxd8 26.Rd1 Qe8 27.Rxd8 Qxd8 28.Bc4 Qd7 29.Bxe5 fxe5
30.Nxe5 Qc8 31.Nd5 Kf8 32.Nf4 Bg8  1-0

[Event "chess.com Speed 2021"]
[Site "chess.com INT"]
[Date "2021.12.06"]
[Round "2.17"]
[White "Nakamura,Hi"]
[Black "Giri,A"]
[Result "0-1"]
[WhiteElo "2736"]
[BlackElo "2774"]

1.Nf3 d5 2.b3 Bf5 3.Bb2 e6 4.Ne5 Nf6 5.d3 h6 6.g3 Bh7 7.Bg2 Be7 8.Nd2 O-O
9.e4 c6 10.O-O a5 11.a3 Nbd7 12.Nxd7 Nxd7 13.Qe2 Bf6 14.e5 Be7 15.Rfd1 b5
16.a4 Nb6 17.c4 bxa4 18.bxa4 Bb4 19.Nb3 c5 20.Rdc1 Rc8 21.cxd5 Nxd5 22.Be4 Bxe4
23.Qxe4 Qb6 24.Qc4 Qb7 25.Qe4 Rfd8 26.Rc2 Qd7 27.Rac1 Qxa4 28.Nxc5 Qe8 29.d4 Ra8
30.Qf3 Bxc5 31.Rxc5 a4 32.Ra1 Rdb8 33.Bc1 Rb3 34.Qg4 Kh8 35.Qd1 Qb8 36.Qc2 Rb4
37.Qd3 Rb3 38.Qc2 Qb4 39.Rc4 Rc3 40.Rxb4 Rxc2 41.Rb7 a3 42.Bxa3 Rc3 43.Rxf7 Rcxa3
44.Rxa3 Rxa3 45.Rf8+ Kh7 46.Re8 Ra6 47.Kg2 Kg6 48.h4 Kf7 49.Rb8 Ra4 50.Rb7+ Ne7
51.Rd7 Ra5 52.h5 Rd5 53.Rxd5 exd5 54.g4 Nc6 55.f4 Nxd4 56.Kf2 Ke6 57.Ke3 Nc6  0-1

[Event "chess.com Speed 2021"]
[Site "chess.com INT"]
[Date "2021.12.06"]
[Round "2.31"]
[White "Nakamura,Hi"]
[Black "Giri,A"]
[Result "1-0"]
[WhiteElo "2736"]
[BlackElo "2774"]

1.Nf3 d5 2.g3 g6 3.d4 Bg7 4.Bg2 Nf6 5.O-O O-O 6.c4 c6 7.Qb3 a5 8.cxd5 a4
9.Qa3 Nxd5 10.Nc3 Nxc3 11.bxc3 Nd7 12.Bg5 Re8 13.Rab1 h6 14.Bf4 Nb6 15.Rfd1 Be6
16.e4 Nc4 17.Qc1 b5 18.Bxh6 Bg4 19.Bxg7 Kxg7 20.h3 Bxf3 21.Bxf3 Rh8 22.h4 e6
23.Be2 Nd6 24.Qe3 Qe7 25.Kg2 Rh7 26.Rh1 Rah8 27.Rbc1 Qd7 28.c4 bxc4 29.Bxc4 Qe7
30.Bd3 Rh5 31.Rxc6 g5 32.Be2 R5h6 33.h5 f5 34.e5 Nf7 35.g4 f4 36.Qe4  1-0

[Event "chess.com Speed 2021"]
[Site "chess.com INT"]
[Date "2021.12.06"]
[Round "2.210"]
[White "Giri,A"]
[Black "Nakamura,Hi"]
[Result "0-1"]
[WhiteElo "2774"]
[BlackElo "2736"]

1.e4 c6 2.d4 d5 3.exd5 Qxd5 4.c4 Qd8 5.Nc3 Nf6 6.Nf3 g6 7.Be2 Bg7 8.O-O O-O
9.h3 b6 10.Bf4 Bb7 11.Qd2 e6 12.Rad1 Nbd7 13.Rfe1 Re8 14.Qc1 Qe7 15.a3 a5
16.Bf1 Qf8 17.Ne5 Red8 18.Na4 Rac8 19.Bg5 Rc7 20.Nxd7 Rcxd7 21.Be3 b5 22.Nc5 Re7
23.cxb5 cxb5 24.Bxb5 Bd5 25.Bg5 h6 26.Bf4 Ra7 27.Be5 Ne8 28.Bxe8 Rxe8 29.b4 axb4
30.axb4 Bxe5 31.dxe5 Rb8 32.Qc3 Qe7 33.Ra1 Qg5 34.f3 Rc7 35.Ra5 Qf4 36.Ra4 Qg3
37.Re2 Rd8 38.Ra1 Rb8 39.Rf1 Qf4 40.Rb2 Rb5 41.Re1 h5 42.Ree2 h4 43.Qd2 Qg3
44.Re3 Ra7 45.Ne4 Ra1+  0-1

[Event "chess.com Speed 2021"]
[Site "chess.com INT"]
[Date "2021.12.06"]
[Round "2.29"]
[White "Nakamura,Hi"]
[Black "Giri,A"]
[Result "0-1"]
[WhiteElo "2736"]
[BlackElo "2774"]

1.Nf3 d5 2.g3 Bg4 3.Bg2 c6 4.O-O Nf6 5.d3 Nbd7 6.h3 Bh5 7.g4 Bg6 8.Nh4 e5
9.e3 Bd6 10.Nd2 Qc7 11.a3 O-O-O 12.b4 h5 13.g5 Nh7 14.Nxg6 fxg6 15.h4 Kb8
16.c4 e4 17.d4 Ndf8 18.Bh3 Be7 19.cxd5 cxd5 20.f4 exf3 21.Qxf3 Bxg5 22.hxg5 Nxg5
23.Qg2 Nfh7 24.Nf3 Nxf3+ 25.Rxf3 Ka8 26.Bd2 g5 27.Bf5 g4 28.Rff1 Ng5 29.Rac1 Qd6
30.Be1 Nf3+ 31.Rxf3 gxf3 32.Qg5 Rdf8 33.Bh3 Rh6 34.Bg3 f2+ 35.Kh2 Qa6 36.Qf5 Rhh8
37.Qb1 Qe2 38.Rf1 Qxe3 39.Qa2 Rf3  0-1

[Event "chess.com Speed 2021"]
[Site "chess.com INT"]
[Date "2021.12.06"]
[Round "2.28"]
[White "Giri,A"]
[Black "Nakamura,Hi"]
[Result "0-1"]
[WhiteElo "2774"]
[BlackElo "2736"]

1.e4 c6 2.d4 d5 3.e5 Bf5 4.Nf3 e6 5.Be2 Ne7 6.O-O h6 7.c3 Nd7 8.Na3 g5 9.Nc2 Qc7
10.Ne3 Bg6 11.Bd2 c5 12.c4 dxc4 13.Nxc4 Nc6 14.Rc1 O-O-O 15.Be3 Kb8 16.Nd6 Bxd6
17.exd6 Qxd6 18.dxc5 Qxd1 19.Rfxd1 Nf6 20.Nd4 Nd5 21.Nxc6+ bxc6 22.Bd4 f6
23.f3 e5 24.Bf2 Nf4 25.Kf1 Bd3 26.Bxd3 Nxd3 27.Rc2 Nb4 28.Rcd2 Rxd2 29.Rxd2 Nd5
30.Rd3 Rh7 31.Rb3+ Kc8 32.g4 h5 33.Bg3 Nc7 34.Rd3 Nd5 35.Rb3 Rd7 36.h3 h4
37.Bh2 Nc7 38.Ke2 Ne6 39.Rc3 Rd5 40.b4 Kb7 41.Rd3 a5 42.a3 axb4 43.axb4 Ka6
44.Ra3+ Kb5 45.Ra7 Nd8 46.Rg7 Kxb4 47.Rg6 Rxc5 48.Bg1 Rc2+ 49.Kd3 Rc3+ 50.Ke2 Ne6
51.Be3 Nd4+  0-1

[Event "chess.com Speed 2021"]
[Site "chess.com INT"]
[Date "2021.12.06"]
[Round "2.16"]
[White "Giri,A"]
[Black "Nakamura,Hi"]
[Result "1/2-1/2"]
[WhiteElo "2774"]
[BlackElo "2736"]

1.e4 e5 2.Nf3 Nc6 3.Bc4 Bc5 4.O-O Nf6 5.d3 h6 6.c3 O-O 7.Re1 d6 8.Nbd2 a5
9.Nf1 Ne7 10.d4 Bb6 11.Ng3 Ng6 12.h3 Re8 13.Bd3 Bd7 14.Be3 a4 15.b4 axb3
16.axb3 Rxa1 17.Qxa1 c6 18.Qc1 Bc7 19.Bc2 Qe7 20.Nf5 Qf8 21.Ng3 Ra8 22.b4 Be6  1/2-1/2

[Event "chess.com Speed 2021"]
[Site "chess.com INT"]
[Date "2021.12.06"]
[Round "2.15"]
[White "Nakamura,Hi"]
[Black "Giri,A"]
[Result "1-0"]
[WhiteElo "2736"]
[BlackElo "2774"]

1.Nf3 d5 2.b3 Bf5 3.Bb2 e6 4.g3 Nf6 5.d3 h6 6.Ne5 Be7 7.Bg2 O-O 8.Nd2 Bh7
9.O-O a5 10.a3 Nbd7 11.Nxd7 Qxd7 12.e4 Rfd8 13.e5 Ne8 14.a4 c6 15.Qe2 Nc7
16.h4 Na6 17.Rfd1 Nb4 18.Nf1 c5 19.Ne3 Kh8 20.c4 dxc4 21.dxc4 Qc7 22.Qf3 Kg8
23.Bc3 Nc6 24.Ng4 Nd4 25.Bxd4 Rxd4 26.Rxd4 cxd4 27.Bf1 Qc6 28.Qd1 Be4 29.Bd3 Bf3
30.Be2 Bxg4 31.Bxg4 Qc5 32.Qe2 d3 33.Qxd3 Qxe5 34.Rd1 Rd8 35.Qc2 Rxd1+ 36.Qxd1 g6
37.h5 g5 38.Kg2 b6 39.Qe2 Qd4 40.Bf3 Bc5 41.Bc6 g4 42.Be4 Kf8 43.Bc6 f5 44.Bb7 e5
45.Bc8  1-0